00570nam a22001697a 450000500170000001000150001702000260003203500140005803700130007208200110008510000230009624500890011926000390020827000820024730000270032950000440035620180416161623.0 aENG-122588 a9789352800391c995.00 aEN-106120 bDBAD/PUB a333.91 aSchmidt, Jeremy J. aWater abundance scarcity and security in the age of humanity /cby Jeremy J. Schmidt aNew DelhibSage Publicationsc2017 aB-1/I-1, Mohan Cooperative Industrial Area, Mathura Road, bNew Delhie110044 a308p.c22cm.(Hb)bill. aIt include note, bibliography and index